[Event "Warsaw op"]
[Site "Warsaw"]
[Date "1989.??.??"]
[Round "?"]
[White "Panczyk, Krzysztof"]
[Black "Bang, Andreas"]
[Result "1-0"]
[WhiteElo "2400"]
[BlackElo "2315"]

1.d4 d5 2.c4 c6 3.Nc3 Nf6 4.Nf3 dxc4 5.a4 Bf5 6.e3 e6 7.Bxc4 Bb4 8.O-O O-O
9.Nh4 Bg6 10.Nxg6 hxg6 11.Qc2 Nbd7 12.Rd1 Qe7 13.b3 e5 14.Bb2 exd4 15.Rxd4 Ne5
16.Ne4 Nxc4 17.Nxf6+ Qxf6 18.Qxc4 Bd6 19.Rad1 Rad8 20.g3 Qe7 21.Qd3 Bc7 22.Rd7 Qe6
23.Rd2 f6 24.Ba3 Rxd7 25.Qxd7 Qxd7 26.Rxd7 Rf7 27.Rd3 Bb6 28.Kg2 Rc7 29.Rd8+ Kh7
30.Bb4 Rf7 31.Rc8 Bc7 32.Kf3 f5 33.Bc3 Rd7 34.Bd4 a6 35.h3 Bd8 36.Rb8 Bf6
37.Bxf6 gxf6 38.g4 fxg4+ 39.hxg4 Kg7 40.Ke4 Kf7 41.a5 Ke6 42.Re8+ Kf7 43.Rh8 Rd5
44.Rh7+ Ke6 45.Rxb7 Rxa5 46.f4 f5+ 47.Kf3 Rb5 48.Rg7 Kf6 49.Rc7 fxg4+ 50.Kxg4 Rxb3
51.e4 Rb1 52.e5+ Ke6 53.Rxc6+ Kf7 54.Rf6+ Kg7 55.Rxa6 Kf7 56.Ra7+ Ke6 57.Kg5 Rg1+
58.Kh6 Rg4 59.Ra6+ Ke7 60.Rf6 Ke8 61.Kg7 Ke7 62.Rf7+ Ke6 63.Kf8 Rxf4 64.Rxf4 Kxe5
65.Ra4 g5 66.Kg7 Kf5 67.Kh6 g4 68.Kh5 g3 69.Rg4  1-0

[Event "Legion op"]
[Site "Warsaw"]
[Date "1989.??.??"]
[Round "9"]
[White "Rotstein, Arkadij"]
[Black "Stoinev, Metodi"]
[Result "0-1"]
[WhiteElo "2420"]
[BlackElo "2340"]

1.c4 Nf6 2.Nc3 c6 3.d4 d5 4.Nf3 dxc4 5.a4 Bf5 6.Ne5 e6 7.f3 Bb4 8.Qd2 Nbd7
9.e4 Bg6 10.Nxg6 hxg6 11.Bxc4 Qa5 12.O-O Rd8 13.Qe2 e5 14.Na2 Nb6 15.Nxb4 Qxb4
16.dxe5 Qc5+ 17.Rf2 Qxe5 18.g3 Nxc4 19.Qxc4 Rd1+ 20.Rf1 Qh5 21.Qe2 Rxf1+
22.Kxf1 Qxh2 23.Qxh2 Rxh2 24.Be3 Nh5 25.Kg1 Rxb2 26.g4 Ng3 27.Bxa7 Ne2+ 28.Kf1 Nf4
29.a5 Rb3 30.Kf2 c5 31.Rd1 Nd3+ 32.Ke2 c4 33.Bd4 f6 34.Rh1 Nf4+ 35.Kf2 g5
36.Rh8+ Kd7 37.Rh7 c3 38.Rxg7+ Kd6 39.Bxc3 Rxc3 40.Rxb7 Ra3 41.Rb6+ Ke5 42.a6 Ra2+
43.Ke1 Nd3+ 44.Kd1 Kd4 45.a7 Ke3  0-1

[Event "Werfen op"]
[Site "Werfen"]
[Date "1989.??.??"]
[Round "3"]
[White "Kiss, Attila"]
[Black "Mitrovic, Sinisa"]
[Result "0-1"]
[WhiteElo "2360"]
[BlackElo "2295"]

1.d4 d5 2.Nf3 Nf6 3.c4 c6 4.Nc3 dxc4 5.a4 Bf5 6.Ne5 Nbd7 7.Nxc4 Qc7 8.g3 e5
9.dxe5 Nxe5 10.Bf4 Rd8 11.Qc1 Nfd7 12.Bxe5 Nxe5 13.Qf4 Bd6 14.Qxf5 Nxc4 15.Qe4+ Ne5
16.f4 f5 17.Qe3 O-O 18.fxe5 Bxe5 19.Rd1 f4 20.gxf4 Bxf4 21.Qe6+ Kh8 22.Bg2 Bg3+  0-1

[Event "JUG-chT"]
[Site "Zlatibor"]
[Date "1989.??.??"]
[Round "?"]
[White "Miladinovic, Igor"]
[Black "Todorovic, Jovan"]
[Result "1-0"]
[WhiteElo "2350"]
[BlackElo "2275"]

1.d4 d5 2.Nf3 Nf6 3.c4 c6 4.Nc3 dxc4 5.a4 Bf5 6.Ne5 e6 7.g3 Bb4 8.Bg2 Be4
9.f3 Bg6 10.e4 c5 11.Be3 cxd4 12.Qxd4 Qxd4 13.Bxd4 Nc6 14.Nxc6 bxc6 15.Bf1 c5
16.Be3 Nd7 17.Bxc4 Ne5 18.Be2 Ke7 19.Kf2 Rhd8 20.Rhd1 f6 21.Na2 Nd7 22.Bb5 Be8
23.Nxb4 cxb4 24.Bxd7 Rxd7 25.Bc5+ Kf7 26.Rxd7+ Bxd7 27.Bxb4 Rc8 28.Bc3 Rc4
29.a5 a6 30.Ke3 Bb5 31.Rd1 Rc7 32.Rd6 Rd7 33.Rb6 Rd3+ 34.Kf2 Rd7 35.Bb4 Rc7
36.Bc3 Rd7 37.f4 Bc4 38.Rb8 f5 39.e5 Bb5 40.Bb4 Bc4 41.Bd6 h6 42.Ke3 Bd5
43.b4 Kg6 44.Rb6 Ra7 45.Kd4 Kh5 46.Bb8 Ra8 47.b5 axb5 48.a6 b4 49.a7 b3 50.h3 g5
51.Rb5 gxf4 52.gxf4 Bg2 53.Rxb3 Kh4 54.Kc5 Bd5 55.Rc3 Be4 56.Kd6 Bd5 57.Rc5 Ba2
58.Rc3 Bd5 59.Ke7 Ba2 60.Kf6 h5 61.Bd6 Bd5 62.Bc5 Bf3 63.Bf2+ Kxh3 64.Rxf3+ Kg2
65.Ra3 Kxf2 66.Kg5  1-0

[Event "Athens (Women)"]
[Site "Athens"]
[Date "1990.??.??"]
[Round "?"]
[White "Botsari Miladinovic, Anna Maria"]
[Black "Karayani, E."]
[Result "1-0"]
[WhiteElo "2205"]
[BlackElo "2015"]

1.d4 d5 2.c4 c6 3.Nc3 Nf6 4.Nf3 dxc4 5.a4 Bf5 6.Ne5 e6 7.f3 Bb4 8.Nxc4 c5
9.dxc5 Qxd1+ 10.Kxd1 Bxc5 11.Nb5 O-O 12.Nc7 Rd8+ 13.Ke1 Nc6 14.Nxa8 Nb4 15.Na3 Nc2+
16.Nxc2 Bxc2 17.Bd2 Nd5 18.Rc1 Nb4 19.Nc7 a6 20.e3 Rd7 21.Na8  1-0

[Event "Bad Wildbad"]
[Site "Bad Wildbad"]
[Date "1990.??.??"]
[Round "1"]
[White "Stangl, Markus"]
[Black "Schlosser, Philipp"]
[Result "1/2-1/2"]
[WhiteElo "2435"]
[BlackElo "2455"]

1.d4 c6 2.c4 d5 3.Nf3 Nf6 4.Nc3 dxc4 5.a4 Bf5 6.Ne5 e6 7.f3 Bb4 8.e4 Bxe4
9.fxe4 Nxe4 10.Qf3 Qxd4 11.Qxf7+ Kd8 12.Bg5+ Nxg5 13.Qxg7 Bxc3+ 14.bxc3 Qxc3+
15.Ke2 Qc2+ 16.Ke1 Qc3+ 17.Ke2  1/2-1/2

[Event "Badenweiler op"]
[Site "Badenweiler"]
[Date "1990.??.??"]
[Round "2"]
[White "Knaak, Rainer"]
[Black "Hertneck, Gerald"]
[Result "1/2-1/2"]
[WhiteElo "2515"]
[BlackElo "2520"]

1.d4 Nf6 2.c4 c6 3.Nc3 d5 4.Nf3 dxc4 5.a4 Bf5 6.Ne5 e6 7.g3 Bb4 8.Bg2 Ne4
9.O-O Nxc3 10.bxc3 Bxc3 11.Ba3 Qxd4 12.Nxc4 Qxc4 13.Qd6 Bf6 14.Rfd1 e5 15.Rab1 Qe6
16.Qc7 Qc8 17.Qxb7 Qxb7 18.Rxb7 e4 19.g4 Bc8 20.Rc7 Na6 21.Bxe4 c5 22.Bxc5 Bd7
23.Rcxd7 Nxc5 24.Bxa8 Nxd7 25.Bc6 O-O 26.Rxd7 a5 27.Ra7 Bc3 28.Bd5 g5 29.e3 Kg7
30.Kg2 h6 31.h3 Kg6 32.Ba2 Bd2 33.Kf3 Bb4 34.Ke2 Kf6 35.Bb3 Kg6 36.Rd7 Kf6
37.f3 Kg6 38.Kd3 f5 39.Ke2 Rc8 40.Be6 fxg4 41.fxg4 Rc2+ 42.Kf3 Kf6 43.Bd5 Ke5
44.Bg8 Rh2 45.Rd5+ Kf6 46.Kg3  1/2-1/2

[Event "Barcelona Vulca"]
[Site "Barcelona"]
[Date "1990.??.??"]
[Round "2"]
[White "Bellon Lopez, Juan Manuel"]
[Black "Gual Pascual, Antonio"]
[Result "1/2-1/2"]
[WhiteElo "2445"]
[BlackElo "2320"]

1.d4 d5 2.c4 c6 3.Nf3 Nf6 4.Nc3 dxc4 5.a4 Bf5 6.Ne5 e6 7.g3 Bb4 8.Bg2 Be4
9.f3 Bg6 10.e4 O-O 11.O-O c5 12.Na2 Ba5 13.Nxc4 cxd4 14.Nxa5 Qxa5 15.Qxd4 Nc6
16.Qc4 Nd7 17.Nc3 Qb6+ 18.Kh1 Nde5 19.Qb5 Rfd8 20.Bf4 Nd3 21.Qxb6 axb6 22.Bc7 Rd7
23.Bxb6 Nxb2 24.Rfb1 Nc4 25.Bc5 Rd3 26.Ne2 Rd2 27.Nf4 Rb2 28.Rxb2 Nxb2 29.Bf1 Nxa4
30.Bb5 Nb6 31.Rd1 Na4 32.Ra1 Nb6 33.Rb1 Nd7 34.Bf2 Nde5 35.Kg2 h5 36.Be2 Rb8
37.Rb5 Nd7 38.Bc4 Nde5 39.Bb3 Rd8 40.Rxb7 Rd2 41.Rb5 Nd3 42.Nxd3 Rxd3 43.Ba4 Ra3
44.Bb3 Kh7 45.Bc5 Ra1 46.Bb6 Rb1 47.Bc4 Rc1 48.Be2 f6 49.Be3 Rc2 50.Kf1 e5
51.Rc5 Rxc5 52.Bxc5 Bf7 53.Bb5 Nd8 54.Ke2 Ne6 55.Bb6 g5 56.Kd3 Kg6 57.Bc4 h4
58.Be3 hxg3 59.hxg3 Nc7 60.Bb6 Bxc4+ 61.Kxc4 Ne6 62.Kd5 Kf7 63.Be3 Ke7 64.Bc5+ Kf7
65.Bd6 Nd4 66.f4 gxf4 67.gxf4 Ne2 68.fxe5 Nc3+ 69.Kd4 Nxe4 70.Kxe4 fxe5 71.Bxe5  1/2-1/2

[Event "Barcelona Vulca"]
[Site "Barcelona"]
[Date "1990.??.??"]
[Round "4"]
[White "Campos Moreno, Javier B"]
[Black "Gual Pascual, Antonio"]
[Result "1-0"]
[WhiteElo "2440"]
[BlackElo "2320"]

1.d4 d5 2.c4 c6 3.Nf3 Nf6 4.Nc3 dxc4 5.a4 Bf5 6.e3 e6 7.Bxc4 Bb4 8.O-O O-O
9.Qe2 Nbd7 10.e4 Bg6 11.Bd3 Bh5 12.Bf4 Re8 13.e5 Nd5 14.Nxd5 cxd5 15.Qe3 Be7
16.Rfc1 a6 17.Nd2 Bg6 18.Bxg6 fxg6 19.Qb3 Rb8 20.Rc2 Qa5 21.Ne4 Qb6 22.Qxb6 Nxb6
23.Nd6 Rf8 24.Bg3 Bxd6 25.exd6 Rbd8 26.Bh4 Rd7 27.Rc7 Rc8 28.Bg3 Rdxc7 29.dxc7 Kf7
30.Ra3 Na8 31.Rb3 b6 32.a5 b5 33.Rc3 Ke7 34.Rc6 b4 35.Kf1 Kd7 36.Rxa6 Nxc7
37.Rd6+ Ke7 38.Rb6  1-0

[Event "Barcelona Vulca"]
[Site "Barcelona"]
[Date "1990.??.??"]
[Round "9"]
[White "Cramling, Pia"]
[Black "Gual Pascual, Antonio"]
[Result "1/2-1/2"]
[WhiteElo "2470"]
[BlackElo "2320"]

1.d4 d5 2.c4 c6 3.Nf3 Nf6 4.Nc3 dxc4 5.a4 Bf5 6.e3 e6 7.Bxc4 Bb4 8.O-O O-O
9.Qe2 Nbd7 10.e4 Bg6 11.Bd3 Bh5 12.e5 Nd5 13.Nxd5 cxd5 14.Qe3 Be7 15.Bd2 Nb8
16.a5 Nc6 17.a6 Rb8 18.axb7 Rxb7 19.Bc3 Qd7 20.Ne1 Rfb8 21.f4 Nb4 22.Bb1 Bg6
23.Bxg6 fxg6 24.Qh3 Rf8 25.g4 Qb5 26.Ng2 Bd8 27.Qg3 Bb6 28.Ne3 Nc6 29.Nc2 Rbf7
30.Qe3 a5 31.Rf2 Nb4 32.Raf1 Qd3 33.f5 gxf5 34.gxf5 Rxf5 35.Rxf5 Rxf5 36.Qxd3 Nxd3
37.Rxf5 exf5 38.Ne3 Nf4 39.Nxf5 Ne6 40.Kf2 g6 41.Ne7+ Kf7 42.Nxd5  1/2-1/2

[Event "Biel-B"]
[Site "Biel"]
[Date "1990.??.??"]
[Round "3"]
[White "Cramling, Pia"]
[Black "Campora, Daniel H"]
[Result "1-0"]
[WhiteElo "2505"]
[BlackElo "2510"]

1.d4 d5 2.c4 c6 3.Nf3 Nf6 4.Nc3 dxc4 5.a4 Bf5 6.Ne5 Nbd7 7.Nxc4 Qc7 8.g3 e5
9.dxe5 Nxe5 10.Bf4 Rd8 11.Qc1 Bd6 12.Nxd6+ Qxd6 13.Bg2 O-O 14.O-O Nfd7 15.a5 a6
16.Na4 Qb4 17.Bd2 Qb3 18.Bc3 Qe6 19.Qe3 f6 20.Rfd1 Rfe8 21.Rd4 Qf7 22.Qf4 Bc2
23.Qd2 Bb3 24.Bb4 Rc8 25.Nc5 Nxc5 26.Bxc5 Be6 27.Rc1 Rc7 28.f4 Nd7 29.Bd6 Rcc8
30.e4 f5 31.e5 Nf8 32.Qb4 Rcd8 33.Rcd1 Ng6 34.Qb6 Rd7 35.Bc5 Rxd4 36.Rxd4 Bc8
37.Rd8 h6 38.Bf1 Kh7 39.Rxe8 Qxe8 40.Qc7 Nf8 41.Bd3 Kh8 42.Qd6 Kg8 43.Qxf8+ Qxf8
44.Bxf8 Kxf8 45.Kf2 c5 46.Bc4 Ke7 47.Ke3 Kd7 48.Kd2  1-0

[Event "Budapest IM-A"]
[Site "Budapest"]
[Date "1990.??.??"]
[Round "1"]
[White "Orso, Miklos"]
[Black "Feher, Gyula"]
[Result "1/2-1/2"]
[WhiteElo "2390"]
[BlackElo "2390"]

1.d4 d5 2.c4 c6 3.Nf3 Nf6 4.Nc3 dxc4 5.a4 Bf5 6.e3 e6 7.Bxc4 Bb4 8.O-O a5
9.Qb3 Nbd7 10.Na2 Be7 11.Nc3 Bb4 12.Na2 Be7 13.Nc3 Bb4  1/2-1/2

[Event "Spring op"]
[Site "Budapest"]
[Date "1990.??.??"]
[Round "1"]
[White "Marinelli, Tullio"]
[Black "Brauer, Gerardo"]
[Result "1-0"]
[WhiteElo "2400"]
[BlackElo "2305"]

1.d4 d5 2.Nf3 Nf6 3.c4 c6 4.Nc3 dxc4 5.a4 Bf5 6.e3 e6 7.Bxc4 Bb4 8.O-O O-O
9.Qe2 Nbd7 10.Rd1 Bg6 11.Ne5 Nxe5 12.dxe5 Nd7 13.Na2 Be7 14.e4 Qc7 15.f4 a5
16.Nc3 h6 17.Rf1 Bh7 18.Bd2 Bb4 19.Kh1 Rfe8 20.Rae1 Rad8 21.Bb3 Re7 22.Bc2 Rde8
23.Qg4 Kh8 24.Re3 f6 25.exf6 Nxf6 26.Qh4 Qd8 27.Bc1 Rd7 28.Re2 Qc7 29.Na2 Bc5
30.Qe1 b6 31.Nc3 Red8 32.h3 Bb4 33.f5 e5 34.g4 Bg8 35.Rg2 Bc4 36.Rfg1 Bc5
37.g5 Nh5 38.gxh6 gxh6 39.Bxh6 Rh7 40.Be3 Nf4 41.Bxf4 exf4 42.e5 Bxg1 43.Kxg1 Rg7
44.Rxg7 Qxg7+ 45.Kh2 Qg5 46.Ne4 Qh6 47.Nd6 Bd5 48.e6 Rf8 49.Qe5+ Kh7 50.f6+  1-0

[Event "Budapest"]
[Site "Budapest"]
[Date "1990.??.??"]
[Round "2"]
[White "Petran, Pal"]
[Black "Kuporosov, Viktor"]
[Result "1/2-1/2"]
[WhiteElo "2430"]
[BlackElo "2445"]

1.d4 d5 2.c4 dxc4 3.Nf3 Nf6 4.Nc3 c6 5.a4 Bf5 6.Ne5 Nbd7 7.Nxc4 Nb6 8.Ne5 e6
9.e3 Bb4 10.Bd3 O-O 11.O-O Nbd7 12.Bxf5 exf5 13.Qb3 a5 14.Nf3 Qb6 15.Na2 Bd6
16.Qxb6 Nxb6 17.b3 Nbd5 18.Bd2 f4 19.exf4 Nxf4 20.Bxf4 Bxf4 21.Nc1 Bxc1  1/2-1/2

[Event "Budapest IM-B"]
[Site "Budapest"]
[Date "1990.??.??"]
[Round "2"]
[White "Kiss, Attila"]
[Black "Milonjic, Mihajlo"]
[Result "1-0"]
[WhiteElo "2355"]
[BlackElo "2225"]

1.d4 d5 2.c4 c6 3.Nf3 Nf6 4.Nc3 dxc4 5.a4 Bf5 6.Ne5 e6 7.f3 Nbd7 8.e4 Bg6
9.Nxc4 Bb4 10.Be2 c5 11.Nd6+ Ke7 12.Nxb7 Qc7 13.Nxc5 Nxc5 14.dxc5 Rhd8 15.Bd2 Bxc3
16.bxc3 Bxe4 17.fxe4 Nxe4 18.Ra2 Nxc3 19.Qc2 Nxa2 20.c6 Rab8 21.Qxa2 Qxc6
22.O-O Kf8 23.Be3 a5 24.Bf3 Qc3 25.Bc1 Qd4+ 26.Kh1 Kg8 27.h3 Rb4 28.Bc6 Qc3
29.Qf2 f5 30.Bb5 Re4 31.Bb2 Qb4 32.Rc1 h6 33.Bc3 Qa3 34.Bb2 Qb4 35.Bc3 Qa3
36.Qb2 Qxb2 37.Bxb2 Rb4 38.Be5 Re4 39.Bc7 Rc8 40.Bd7 Rf8 41.Bxa5 f4 42.Bb6 f3
43.gxf3 Rxf3 44.Bc6 Rxh3+ 45.Kg2 Reh4 46.Bf2 Rh5 47.Bg3 g5 48.Bf3 Rxg3+ 49.Kxg3 Rh4
50.Ra1 Rd4 51.a5 Rd7 52.a6 Ra7 53.Bb7 h5 54.Ra5  1-0

[Event "Spring op"]
[Site "Budapest"]
[Date "1990.??.??"]
[Round "5"]
[White "Horvath, Csaba"]
[Black "Guzijan, Miodrag"]
[Result "1-0"]
[WhiteElo "2460"]
[BlackElo "2280"]

1.d4 d5 2.Nf3 Nf6 3.c4 c6 4.Nc3 dxc4 5.a4 Bf5 6.Ne5 e6 7.f3 c5 8.e4 cxd4
9.exf5 Nc6 10.Nxc6 bxc6 11.fxe6 fxe6 12.Bxc4 dxc3 13.bxc3 Qa5 14.O-O Qc5+
15.Qd4 Qxd4+ 16.cxd4 Nd5 17.Rb1 Bd6 18.Rb7 O-O 19.Re1 Rf7 20.Rb3 Re8 21.g3 Bc7
22.Kg2 Bb6 23.Re4 Rd7 24.Bd2 Kf7 25.a5 Bd8 26.Be1 Bf6 27.Bf2 Bd8 28.Be1 Bf6
29.Ba6 Ne7 30.Bf2 Nf5 31.Rb7 Ree7 32.Rxd7 Rxd7 33.g4 Nd6 34.Re1 Nb5 35.Rc1  1-0

[Event "Budapest"]
[Site "Budapest"]
[Date "1990.??.??"]
[Round "6"]
[White "Avshalumov, Alex"]
[Black "Horvath, Csaba"]
[Result "1/2-1/2"]
[WhiteElo "2450"]
[BlackElo "2460"]

1.d4 d5 2.c4 c6 3.Nf3 Nf6 4.Nc3 dxc4 5.a4 Bf5 6.e3 e6 7.a5 Bb4 8.Qa4 Bd6
9.Nd2 Be7 10.Nxc4 O-O 11.Be2 Nbd7 12.Qb3 b5 13.axb6 axb6 14.Rxa8 Qxa8 15.O-O b5
16.Nd2 e5 17.Bf3 Qa6 18.Nce4 exd4 19.exd4 Qb6 20.Ng3 Be6 21.Qc3 c5 22.dxc5  1/2-1/2

[Event "Budapest Noviki-C"]
[Site "Budapest"]
[Date "1990.??.??"]
[Round "7"]
[White "Orso, Miklos"]
[Black "Wagman, Stuart"]
[Result "1/2-1/2"]
[WhiteElo "2390"]
[BlackElo "2265"]

1.d4 d5 2.Nf3 Nf6 3.c4 dxc4 4.Nc3 c6 5.a4 Bf5 6.Ne5 e6 7.f3 Bb4 8.e4 Bxe4
9.fxe4 Nxe4 10.Bd2 Qxd4 11.Nxe4 Qxe4+ 12.Qe2 Bxd2+ 13.Kxd2 Qd5+ 14.Kc2 Na6
15.Nxc4 O-O-O 16.Qe5 f6 17.Qxd5 cxd5 18.Nd2 Nb4+ 19.Kb3 a5 20.h4 Rhe8 21.Rh3 Re7
22.Bd3 g6 23.g4 e5 24.Re1 e4 25.Bf1 f5 26.gxf5 gxf5 27.Rf3 Nc6 28.Rc3 Kb8
29.Bb5 Nd4+ 30.Ka2 f4 31.Nb3 Nf5 32.Nxa5  1/2-1/2

[Event "Spring op"]
[Site "Budapest"]
[Date "1990.??.??"]
[Round "7"]
[White "Sarosi, Zoltan"]
[Black "Tabatadze, Tamaz"]
[Result "0-1"]
[WhiteElo "2305"]
[BlackElo "2365"]

1.d4 d5 2.Nf3 Nf6 3.c4 c6 4.Nc3 dxc4 5.a4 Bf5 6.e3 e6 7.Bxc4 Bb4 8.O-O Nbd7
9.Nh4 O-O 10.f3 Bg6 11.Nxg6 hxg6 12.Qc2 Rc8 13.Rd1 Qe7 14.Na2 Bd6 15.b4 Nb6
16.e4 Nfd5 17.a5 Nxc4 18.Qxc4 Qh4 19.h3 Nf4 20.Bxf4 Qxf4 21.Qe2 Qh2+ 22.Kf2 Bg3+
23.Ke3 e5 24.d5 cxd5 25.Rxd5 f5 26.Rad1 Bh4 27.Kd3 fxe4+ 28.Kxe4 Qf4+ 29.Kd3 Qc4+
30.Ke3 Bg5+ 31.Kf2 Qxe2+ 32.Kxe2 Rc2+ 33.R1d2 Rxd2+ 34.Rxd2 Bxd2 35.Kxd2 e4
36.fxe4  0-1

[Event "Buenos Aires op"]
[Site "Buenos Aires"]
[Date "1990.??.??"]
[Round "5"]
[White "Adla, Diego"]
[Black "Gomez Baillo, Jorge H"]
[Result "1/2-1/2"]
[WhiteElo "2335"]
[BlackElo "2430"]

1.d4 d5 2.c4 c6 3.Nf3 Nf6 4.Nc3 dxc4 5.a4 Bf5 6.Nh4 Bc8 7.Nf3 Bf5 8.Nh4 Bc8
9.e3 e5 10.Bxc4 exd4 11.exd4 Be7 12.O-O O-O 13.Re1 Na6 14.Bg5 Nc7 15.Qb3 Nfd5
16.Bxe7 Nxe7 17.Nf3 Ncd5 18.Bxd5 cxd5 19.Re5 Be6 20.Qxb7 Rb8 21.Qa6 Rxb2
22.Ng5 Rb6 23.Qd3 Ng6 24.Qc2 Rc6 25.Nxe6 fxe6 26.Re3 Qf6 27.Qd2 Nh4 28.Rd3 Nf5
29.Rd1 Rc4 30.a5 a6 31.Ne2 Rfc8 32.Ng3 Rc2 33.Qe1 Nh4 34.Re3 R8c6 35.h3 h6
36.Rd2 Rc1 37.Rd1 R1c2 38.Rd2 Rc1 39.Rd1 Rxd1 40.Qxd1 Rc4 41.Qe2 Rc6  1/2-1/2

[Event "Copenhagen K41"]
[Site "Copenhagen"]
[Date "1990.??.??"]
[Round "3"]
[White "Sorensen, Torben"]
[Black "Clausen, Steen"]
[Result "0-1"]
[WhiteElo "2300"]
[BlackElo "2215"]

1.d4 d5 2.c4 c6 3.Nf3 Nf6 4.Nc3 dxc4 5.a4 Bf5 6.e3 e6 7.Bxc4 Bb4 8.O-O Nbd7
9.Nh4 Bg4 10.f3 Bh5 11.g4 Nd5 12.Qe1 Bg6 13.Nxg6 hxg6 14.e4 Nxc3 15.bxc3 Qc7
16.Rf2 Bd6 17.e5 Be7 18.Rb2 c5 19.Bf1 O-O 20.Rab1 Rab8 21.Bd3 Rfd8 22.Be4 cxd4
23.cxd4 Nb6 24.Be3 Nd5 25.Bf2 b6 26.Bd3 a5 27.h4 Bb4 28.Qf1 Bc3 29.Rc2 Qe7
30.Rbc1 Bb4 31.Be4 Ba3 32.Ra1 Rbc8 33.Rxc8 Rxc8 34.Qb5 Rd8 35.Bxd5 Rxd5 36.Qxb6 Bb4
37.Rc1 Rd8 38.Kg2 Qe8 39.Be1 Bxe1 40.Rxe1 Rd5 41.Rc1 Kh7 42.h5 gxh5 43.Rh1 Qd8
44.Rxh5+ Kg8 45.Qb1 g6 46.Rh3 Qg5 47.Qb2 Rd8 48.Rh1 Qf4 49.d5 Qxa4 50.dxe6 fxe6
51.Qb7 Qd7 52.Qe4 Qf7 53.Kg3 Kg7 54.Rb1 Rd5 55.Rb6 Qd7 56.Qb1 Qf7 57.Rb7 Rd7
58.Rb8 g5 59.Qc1 Kg6 60.Rh8 Rd3 61.Qf1  0-1

[Event "Copenhagen op"]
[Site "Copenhagen"]
[Date "1990.??.??"]
[Round "5"]
[White "Inkiov, Ventzislav"]
[Black "Clausen, Steen"]
[Result "1-0"]
[WhiteElo "2510"]
[BlackElo "2215"]

1.d4 d5 2.c4 c6 3.Nf3 Nf6 4.Nc3 dxc4 5.a4 Bf5 6.Nh4 Bc8 7.e3 e5 8.Bxc4 exd4
9.exd4 Bd6 10.Nf3 Qe7+ 11.Be3 Be6 12.Bd3 Ng4 13.O-O Nxe3 14.fxe3 a5 15.e4 O-O
16.e5 Bb4 17.Ne4 h6 18.Nfg5 Bd5 19.Qh5 Nd7 20.Rf2 f6 21.Qg6 fxg5 22.Nd6 Rxf2
23.Qh7+ Kf8 24.Qh8+ Bg8 25.Bc4 Rf7 26.Bxf7 Qxf7 27.Nxf7 Kxf7 28.e6+ Kxe6
29.Qxg7 Kd6 30.Qxh6+ Kc7 31.Qxg5 Bd5 32.g3 Rf8 33.Rf1 Rxf1+ 34.Kxf1 Nb6 35.h4 Nxa4
36.h5 Nxb2 37.h6 Bc3 38.h7 Bc4+ 39.Kg2 Bd5+ 40.Kh2  1-0

[Event "Copenhagen Johansen"]
[Site "Copenhagen"]
[Date "1990.??.??"]
[Round "9"]
[White "Bjerring, Kai"]
[Black "Bang, Andreas"]
[Result "1/2-1/2"]
[WhiteElo "2325"]
[BlackElo "2345"]

1.d4 d5 2.c4 c6 3.Nc3 Nf6 4.Nf3 dxc4 5.a4 Bf5 6.Ne5 e6 7.e3 Bb4 8.Bxc4 Nbd7
9.Nxd7 Qxd7 10.a5 O-O 11.O-O Ne4 12.Qb3 Be7 13.Nxe4 Bxe4 14.Bd2 c5 15.Bc3  1/2-1/2

[Event "FRA-chT"]
[Site "FRA"]
[Date "1990.??.??"]
[Round "?"]
[White "Conquest, Stuart"]
[Black "Neiman, Emmanuel"]
[Result "1-0"]
[WhiteElo "2465"]
[BlackElo "2245"]

1.d4 d5 2.c4 c6 3.Nf3 Nf6 4.Nc3 dxc4 5.a4 Bf5 6.e3 e6 7.Bxc4 Bb4 8.O-O O-O
9.Qb3 Qe7 10.Nh4 Bg6 11.Nxg6 hxg6 12.e4 Bxc3 13.bxc3 Nxe4 14.Ba3 Nd6 15.Rfe1 Rd8
16.Bxe6 fxe6 17.Rxe6 Qf7 18.Bxd6 Nd7 19.Rae1 Nf8 20.d5 Rac8 21.h3 cxd5 22.Re7 Qf6
23.Bc7 Rd7 24.Rxd7 Nxd7 25.Qxb7 Rf8 26.Qxd5+ Kh7 27.Qd4 Nb6 28.Bxb6 axb6
29.Rb1 Qxd4 30.cxd4 Rd8 31.Rxb6 Rxd4 32.a5 Ra4 33.Ra6 Ra2 34.g3 Kh6 35.Ra8 Kg5
36.a6 Kf6 37.h4 g5 38.h5 g4 39.a7 Kf7 40.Kg2 Ra1 41.h6 Kg6 42.hxg7 Kxg7 43.Rb8 Rxa7
44.Rb4 Ra2 45.Rxg4+ Kf6 46.Rf4+ Kg5 47.Kh3 Rb2 48.Rf8 Ra2 49.f4+ Kg6 50.Kg4 Ra4
51.Rb8 Rc4 52.Rb6+ Kg7 53.Kg5 Rc5+ 54.f5 Ra5 55.Rb7+  1-0

[Event "FRA-chT"]
[Site "FRA"]
[Date "1990.??.??"]
[Round "?"]
[White "Dussol, Pierre"]
[Black "Neiman, Emmanuel"]
[Result "1/2-1/2"]
[WhiteElo "2260"]
[BlackElo "2245"]

1.d4 d5 2.Nf3 c6 3.c4 Nf6 4.Nc3 dxc4 5.a4 Bf5 6.e3 e6 7.Bxc4 Bb4 8.O-O O-O
9.Nh4 Bg6 10.Nxg6 hxg6 11.Qb3 Qe7 12.a5 c5 13.dxc5 Bxc5 14.Bd2 Nc6 15.Rfc1 Rfd8
16.Be1 Rac8 17.Na4 Bb4 18.Bxb4 Qxb4 19.a6 bxa6 20.Nc3 a5 21.Rd1 Ne5 22.Rxd8+ Rxd8
23.Ra4 Qxb3 24.Bxb3 Rd2 25.Nd1 Nd5 26.h3 Nc6 27.Kf1 Ndb4 28.Ke1 Rd8 29.Ke2 Nd5
30.Rc4  1/2-1/2

[Event "Peer Gynt"]
[Site "Gausdal"]
[Date "1990.??.??"]
[Round "2"]
[White "Vladimirov, Evgeny"]
[Black "Engqvist, Thomas"]
[Result "1-0"]
[WhiteElo "2575"]
[BlackElo "2365"]

1.d4 d5 2.c4 c6 3.Nf3 Nf6 4.Nc3 dxc4 5.a4 Bf5 6.Ne5 Nbd7 7.Nxc4 Qc7 8.g3 e5
9.dxe5 Nxe5 10.Bf4 Nfd7 11.Bg2 f6 12.O-O Be6 13.b3 Bb4 14.Qc2 O-O 15.Nxe5 fxe5
16.Be3 Nf6 17.Ne4 Nxe4 18.Bxe4 h6 19.Rfd1 Rfd8 20.Bf5 Bf7 21.Qe4 a5 22.Qg4 Rd6
23.Rxd6 Qxd6 24.Bc2 Bd5 25.Qf5 Qe6 26.Qh7+ Kf7 27.Bf5 Qf6 28.Rd1 Bc3 29.Rd3 Bd4
30.Be4 Bxe4 31.Qxe4 Qg6 32.Qxg6+ Kxg6 33.Bxd4 exd4 34.Rxd4 Ra6 35.f4 Rb6
36.Rd3 Rb4 37.Kf2 c5 38.Kf3 c4 39.bxc4 Rxa4 40.Rd6+ Kh7 41.Rb6 Rxc4 42.Rxb7 Rc3+
43.e3 a4 44.Ra7 a3 45.h4  1-0

[Event "Arnold Cup"]
[Site "Gausdal"]
[Date "1990.??.??"]
[Round "4"]
[White "Wessman, Richard"]
[Black "Degerman, Lars"]
[Result "0-1"]
[WhiteElo "2505"]
[BlackElo "2385"]

1.d4 d5 2.c4 dxc4 3.Nf3 Nf6 4.Nc3 c6 5.a4 Bf5 6.Ne5 Na6 7.f3 Nd7 8.Nxc4 e5
9.e4 exd4 10.Qxd4 Nb4 11.Qd1 Be6 12.Bf4 Nc5 13.Bd6 Bxc4 14.Bxc5 Bxc5 15.Bxc4 Qg5
16.Qd2 Be3 17.Qe2 Rd8 18.Rd1 O-O 19.g3 Rd4 20.Rxd4 Bxd4 21.f4 Qc5 22.Kf1 b5
23.axb5 cxb5 24.Nxb5 Bxb2 25.e5 Nd5 26.Qxb2 Ne3+ 27.Ke2 Nxc4 28.Qb3 a6 29.Nd6 Nxd6
30.exd6 Re8+ 31.Kf1 Qxd6 32.Rg1 Qd2  0-1

[Event "Arnold Cup"]
[Site "Gausdal"]
[Date "1990.??.??"]
[Round "6"]
[White "Thorsteins, Karl"]
[Black "Kinsman, Andrew PH"]
[Result "1/2-1/2"]
[WhiteElo "2455"]
[BlackElo "2340"]

1.d4 d5 2.c4 c6 3.Nc3 Nf6 4.Nf3 dxc4 5.a4 Bf5 6.e3 e6 7.Bxc4 Bb4 8.O-O Nbd7
9.Nh4 Bg6 10.g3 Qa5 11.Na2 Bd6 12.Bd2 Qc7 13.Nxg6 hxg6 14.Nc3 O-O 15.Qc2 a6
16.Rac1 Rac8 17.Ba2 Qb6 18.Rfd1 Rfd8 19.e4 e5 20.dxe5 Nxe5 21.Be3 Qb4 22.Qe2 Neg4
23.Bd4 Be5 24.Bxe5 Nxe5 25.Kg2 g5 26.h3 Qb6 27.Qc2 Qb4 28.Qe2  1/2-1/2

[Event "Peer Gynt"]
[Site "Gausdal"]
[Date "1990.??.??"]
[Round "8"]
[White "Tisdall, Jonathan D"]
[Black "Hector, Jonny"]
[Result "1/2-1/2"]
[WhiteElo "2425"]
[BlackElo "2465"]

1.d4 d5 2.c4 c6 3.Nc3 Nf6 4.Nf3 dxc4 5.a4 Bf5 6.e3 e6 7.Bxc4 Bb4 8.O-O Nbd7
9.Qe2 Bg6 10.Rd1 O-O 11.Bd3 Bh5 12.Ne4 Nxe4 13.Bxe4 Qe7 14.Qc2 f5 15.Bd3 e5
16.Bxf5 Bxf3 17.Bxh7+ Kh8 18.gxf3 Rxf3 19.Be4 Qg5+ 20.Kh1 Rh3 21.Bf5 Rh4
22.Bxd7 Qh5 23.f4 exf4 24.e4 Qf3+ 25.Kg1 Rh5 26.Bxf4 Qxf4 27.Qe2 Rh4 28.Rd3 Rd8
29.Rf1 Qg5+ 30.Rg3 Qe7 31.Bf5 Rxd4 32.Rd1 Rxd1+ 33.Qxd1 Bd6 34.Rh3 Rxh3 35.Bxh3 Bc5+
36.Kf1 Qg5 37.Qd7 Qc1+ 38.Ke2 Qe3+ 39.Kd1 Qf3+ 40.Kd2 Qe3+ 41.Kd1 Qb3+ 42.Ke2 Qxb2+
43.Kf3 Qf2+ 44.Kg4 Qg1+ 45.Kf5 Qf2+ 46.Kg4 Qe2+ 47.Kg5 Qe3+ 48.Kh5 Qh6+ 49.Kg4 Kg8
50.Qc8+ Bf8 51.e5 Qg6+ 52.Kf4 Qf7+ 53.Kg5 Qe7+ 54.Kg6  1/2-1/2

[Event "Gausdal Int"]
[Site "Gausdal"]
[Date "1990.??.??"]
[Round "8"]
[White "Vladimirov, Evgeny"]
[Black "Hector, Jonny"]
[Result "1/2-1/2"]
[WhiteElo "2575"]
[BlackElo "2465"]

1.d4 d5 2.c4 c6 3.Nf3 Nf6 4.Nc3 dxc4 5.a4 Bf5 6.Ne5 e6 7.g3 Bb4 8.Bg2 Be4
9.f3 Bg6 10.e4 c5 11.Be3 Nfd7 12.Nxc4 cxd4 13.Qxd4 O-O 14.Rd1 Qe7 15.Qd2 Rc8
16.Nd6 Rc6 17.Ndb5 a6 18.Nd4 Rd6 19.O-O Nb6 20.Qc2 Nc4 21.Bf2 Nc6 22.Na2 Nd2
23.Rxd2 Bxd2 24.Nxc6 bxc6 25.Bc5 Qd8 26.Bxd6 Qxd6 27.Rd1 Be3+ 28.Kh1 Bd4
29.Bf1 e5 30.b4 a5 31.bxa5 Rxa5 32.Nc1 Qa3 33.Nb3 Qxa4 34.Nxd4 exd4 35.Qb2 h6
36.Rxd4 Qa1 37.Rd8+ Kh7 38.Qxa1 Rxa1 39.Kg1 f5 40.e5 Bf7 41.Kf2 g6 42.Bd3 Ra5
43.f4 Ra2+ 44.Ke3 Rxh2 45.Rd7 Kg8 46.Rd6 Kf8 47.Rxc6 Rg2 48.e6 Rxg3+ 49.Kd4 Be8
50.Rc7 g5 51.fxg5 Rxg5 52.Ke5 Rg7 53.Rc8 Ke7 54.Bxf5 h5 55.Rb8 Bc6 56.Rh8 Bf3
57.Rc8 Bg4  1/2-1/2

[Event "Arnold Cup"]
[Site "Gausdal"]
[Date "1990.??.??"]
[Round "8"]
[White "Wessman, Richard"]
[Black "Kinsman, Andrew PH"]
[Result "1-0"]
[WhiteElo "2505"]
[BlackElo "2340"]

1.d4 d5 2.c4 c6 3.Nf3 Nf6 4.Nc3 dxc4 5.a4 Bf5 6.e3 e6 7.Bxc4 Bb4 8.O-O Nbd7
9.Qe2 Bg6 10.Rd1 O-O 11.Ne5 Nxe5 12.dxe5 Nd7 13.f4 Qe7 14.Na2 Nb6 15.b3 Nxc4
16.Qxc4 Rfd8 17.Bb2 Bc5 18.Qc3 a5 19.Rac1 Bb6 20.Rd6 Qh4 21.Rcd1 Bh5 22.g3 Qg4
23.Re1 Qh3 24.Qd2 Bc7 25.Rd4 Rxd4 26.Bxd4 Rd8 27.Qf2 Qf5 28.e4 Qh3 29.Nc3 Bf3
30.Be3 Rd3 31.Qxf3 Rxc3 32.Qd1 Rxe3 33.Rxe3 Bb6 34.Kh1 h5 35.Rd3 h4 36.g4  1-0